Irish-English Name Dictionary Quiz Stats

 Plays Quiz Updated Feb 22, 2019

Score 0/57 Timer 13:00
11 Plays Today
% Correct
Báirbre
91.1%
Nioclás
90.8%
Ráichéal
90.7%
Aignéis
90.7%
Treasa
90.6%
Nainsí
90.4%
Pilib
90.2%
Gofraidh
90.2%
Róis
90.2%
Ailís
90.1%
Gréagóir
90%
Roibéard
89.9%
Pádraig
89.7%
Gearóid
89.7%
Ailín
89.6%
Manus
89.2%
Marcas
88.8%
Mícheál
88.8%
Réamonn
88.7%
Mairtín
87.8%
Cáit
87.7%
Peadar
87.6%
Eadbhárd
87.2%
Madailéin
87%
Maitiú
86.7%
Lile
85.8%
Colm
85.6%
Stiofán
85%
Risteárd
84.8%
% Correct
Iúile
84.8%
Muiris
84.6%
Labhrás
83.2%
Mairéad
81.5%
Mallaidh
80.1%
Máire
80.1%
Ionatán
78.5%
Liam
77.5%
Ádhamh
76.8%
Eireen
76.6%
Onóra
76.1%
Uinseann
74.1%
Íomhar
70.8%
Eilís
67%
Éamonn
65.4%
Seán
64.7%
Séamus
64.5%
Éabha
63.8%
Anraí
63.1%
Séarlait
62.8%
Séarlas
58.9%
Eibhlín
56.4%
Proinsias
55.9%
Síle
50.4%
Seosamh
44.9%
Séafra
42.9%
Siobhan
41.9%
Seoirse
35.8%

You're not logged in!

Compare scores with friends on all Sporcle quizzes.
OR
Log In

You Might Also Like...

Show Comments

Extras

Top Quizzes Today


Score Distribution

Your Account Isn't Verified!

In order to create a playlist on Sporcle, you need to verify the email address you used during registration. Go to your Sporcle Settings to finish the process.

Report this User

Report this user for behavior that violates our Community Guidelines.

Details: